Načítá se...
| LEADER | 00631 a2200181 4500 | ||
|---|---|---|---|
| 008 | 180117b xxu||||| |||| 00| 0 mal d | ||
| 020 | |c INR 100 | ||
| 082 | |a 305.3095483 | ||
| 245 | |a Keralam, laingikatha, linganeethi / |c Edited by K. M. Venugopal | ||
| 260 | |a TVM : |b Sign, |c 2006. | ||
| 300 | |a 200p. ; |c 23 cm. | ||
| 650 | |a Gender | ||
| 650 | |a Sex |v study |z Kerala | ||
| 700 | |a Venugopal, K. M. |e Editor | ||
| 942 | |c BK | ||
| 546 | |a Malayalam | ||
| 999 | |c 283346 |d 283346 | ||
| 952 | |0 0 |1 0 |4 0 |6 305_309548300000000_KER |7 0 |9 321223 |a FLK |b FLK |c ST1 |d 2013-03-08 |e BK |g 100.00 |i 2965 |l 1 |o 305.3095483 KER |p FLK2965 |r 2021-04-15 |s 2021-03-04 |w 2018-08-23 |y BK | ||